| 000 | 01032cam a2200253 a 4500 | ||
|---|---|---|---|
| 001 | 4488901 | ||
| 005 | 20250124100859.0 | ||
| 008 | 970424s1998 cau b 001 0 eng | ||
| 020 | _a9780534258542 | ||
| 050 | 0 | 0 |
_aRA790.5 _b.C6 1998 |
| 082 | 0 | 0 |
_a362.2/2 _221 |
| 245 | 0 | 0 |
_aCommunity counseling : _bempowerment strategies for a diverse society / _cJudith A. Lewis ... [et al.]. |
| 250 | _a2nd ed. | ||
| 260 |
_aPacific Grove [Calif.] : _bBrooks/Cole Pub. Co. _cc1998. |
||
| 300 |
_axviii, 333 p. ; _c25cm. |
||
| 500 | _aPrev. ed. cataloged under: Lewis, Judith A., 1939- . | ||
| 650 | 0 | _aMental health services. | |
| 650 | 0 | _aCounseling. | |
| 700 | 1 |
_aLewis, Judith A., _d1939- |
|
| 856 | 4 | 2 |
_3Contributor biographical information _uhttp://www.loc.gov/catdir/enhancements/fy1515/97016993-b.html |
| 856 | 4 | 2 |
_3Publisher description _uhttp://www.loc.gov/catdir/enhancements/fy1515/97016993-d.html |
| 856 | 4 | 1 |
_3Table of contents only _uhttp://www.loc.gov/catdir/enhancements/fy1515/97016993-t.html |
| 942 |
_2lcc _cBK _e2nd ed. _n0 |
||
| 999 |
_c2966 _d2966 |
||